000 00824nam a2200217Ia 4500
003 GCL
008 140319s9999 xx 000 0 ara d
040 _aGCL /
_cGCL
082 0 4 _a657.9
_bح ق
100 1 _aحسين القاضى
245 1 0 _aالقوائم المالية الموحدة ( الشركات القابضة والتابعة ) :
_bCONSOLIDATED ACCOUNTING STATEMENTS /
_cحسين القاضى
250 _aالاولى
260 _aسوريا :
_bدار الرضا للنشر ،
_c2003
300 _a384 ص ؛
_c24 سم
490 _aسلسلة الرضا للمعلومات
_v224
650 0 4 _aالمحاسبة
650 0 4 _aالشركات - محاسبة
650 0 4 _aالشركات - تنظيم و ادارة
650 0 4 _aالشركات القابضة - الوضع المالى
942 _2ddc
_cBK
999 _c9943
_d9943